Turbodmychadla, vozidlové turbiny a ventilátory : přeplňování spalovacích motorů : určeno pro posl. fak. strojní /

Hlavní autor: Hofmann, Karel
Korporativní autor: Vysoké učení technické v Brně
Jazyk: Čeština
Vydáno: Praha : SNTL, 1985
Vydání: 2., nezm. vyd.
Témata:
Fyzický popis: 134 s. : obr., tb. ; 30 cm
Knihy
Uloženo v:
LEADER 01792nam a22003852a 4500
001 000649012
003 CZ BrMZK
005 20150519123848.0
007 ta
008 030128s1985 xr f cze d
020 |q (Brož.) :  |c 12 Kčs 
040 |a BOA001  |c ze  |d ABA001  |d ABA001 
080 9 |a 621.515 
080 9 |a 621.43.054 
100 1 |a Hofmann, Karel  |7 xx0127423  |4 aut 
245 1 0 |a Turbodmychadla, vozidlové turbiny a ventilátory :  |b přeplňování spalovacích motorů : určeno pro posl. fak. strojní /  |c Karel Hofmann 
250 |a 2., nezm. vyd. 
260 |a Praha :  |b SNTL,  |c 1985 
300 |a 134 s. :  |b obr., tb. ;  |c 30 cm 
500 |a 134 výt. 
500 |a Vydavatel: VUT Brno 
500 |a Rozmn. 
504 |a Obsahuje bibliografii 
655 7 |a učebnice vysokých škol  |7 fd133772  |2 czenas 
710 2 |a Vysoké učení technické v Brně  |7 kn20010709205 
910 |a BOA001  |b TK-A-0209.424-85  |b 4-0890.785 
964 |a motory spalovací pístové - přeplňování - teorie a metody - učebnice vysokošk. 
964 |a turbodmychadla - konstrukce a výroba - učebnice vysokošk. 
990 |a BK 
996 7 |b 2619972720  |c 4-0890.785  |l MZK  |r Sklad / do 1 hodiny  |n 41  |w 000649012  |u 000060  |a 1  |e BOA001  |j MZK50  |s A 
996 7 |b 2629945259  |c TK-A-0209.424-85  |l MZK  |r Sklad / do 24 hodin  |n 8  |w 000649012  |u 000020  |a 1  |e BOA001  |j MZK50  |s A 
996 7 |b 2629947648  |c TK-A-0209.424-85  |l MZK  |r Sklad / do 24 hodin  |n 4  |w 000649012  |u 000030  |a 1  |e BOA001  |j MZK50  |s A 
996 7 |b 2629947857  |c TK-A-0209.424-85  |l MZK  |r Sklad / do 24 hodin  |n 4  |w 000649012  |u 000040  |a 1  |e BOA001  |j MZK50  |s A 
996 7 |b 2629978167  |c TK-A-0209.424-85  |l MZK  |r Sklad / do 24 hodin  |n 15  |w 000649012  |u 000010  |a 1  |e BOA001  |j MZK50  |s A 
996 6 |b BC-78286  |c TK-A-0209.424-85  |l MZK  |r Sklad / do 24 hodin  |n 0  |w 000649012  |u 000050  |a 1  |e BOA001  |j MZK50  |s P